书目信息 |
| 题名: |
水知道答案
|
|
| 作者: | 江本胜 著 | |
| 分册: | ||
| 出版信息: | 海口 南海出版公司 2004.01 |
|
| 页数: | 176页 | |
| 开本: | 20cm | |
| 丛书名: | ||
| 单 册: | ||
| 中图分类: | O742-49 | |
| 科图分类: | ||
| 主题词: | 晶体化学 | |
| 电子资源: | ||
| ISBN: | 7-5442-2683-2 | |
| 000 | 00537nam0 2200193 45 | |
| 001 | 0462723290 | |
| 005 | 2004051317252249 | |
| 010 | @a7-5442-2683-2@dRMB 20.00 | |
| 100 | @a20040513d2004 km y0chiy0120 ea | |
| 101 | 0 | @achi |
| 102 | @aCN@b460000 | |
| 200 | 1 | @a水知道答案@AShui Zhi Dao Da An@f(日)江本胜著@F(Ri)Jiang Ben Sheng Zhu |
| 210 | @a海口@c南海出版公司@d2004.01 | |
| 215 | @a176页@d20cm | |
| 606 | 0 | @a晶体化学 |
| 690 | @aO742-49@v4 | |
| 701 | 0 | @a江本胜@AJiang Ben Sheng@4著 |
| 801 | 0 | @aCN@bPFT@c20040513 |
| 905 | @dO742-49@eJ356 | |
| 水知道答案/(日)江本胜著.-海口:南海出版公司,2004.01 |
| 176页;20cm |
| ISBN 7-5442-2683-2:RMB 20.00 |
| ● |
| 相关链接 |
|
|
|
正题名:水知道答案
索取号:O742-49/J356
 
预约/预借
| 序号 | 登录号 | 条形码 | 馆藏地/架位号 | 状态 | 备注 |
| 1 | 375439 | 203754393 | 自科库401/401自科库 66排4列3层/ [索取号:O742-49/J356] | 在馆 | |
| 2 | 375440 | 203754400 | 自科库401/401自科库 66排4列3层/ [索取号:O742-49/J356] | 在馆 | |
| 3 | 375441 | 203754419 | 自科库401/401自科库 66排4列3层/ [索取号:O742-49/J356] | 在馆 |